[Event "CZE-chT2B 1718"]
[Site "Czech Republic"]
[Date "2018.04.08"]
[Round "11.7"]
[White "Baran, Peter"]
[Black "Hrabal, Ivan"]
[Result "1/2-1/2"]
[WhiteElo "2023"]
[BlackElo "1944"]
[PlyCount "34"]
[EventDate "2017.10.15"]
[EventType "team-tourn"]
[EventRounds "11"]
[EventCountry "CZE"]
[SourceTitle "EXT 2022"]
[Source "ChessBase"]
[SourceDate "2021.10.06"]
[SourceVersion "1"]
[SourceVersionDate "2021.10.06"]
[SourceQuality "1"]
[WhiteTeam "Neratovice III"]
[BlackTeam "Usti nad Labem"]
[WhiteTeamCountry "CZE"]
[BlackTeamCountry "CZE"]

1. c4 e6 2. g3 f5 3. Bg2 Nf6 4. Nf3 c6 5. 0-0 d5 6. b3 Bd6 7. Bb2 0-0 8. d3 Nbd7 9. Nbd2 Qe8 10. e3 e5 11. Qc2 e4 12. Nd4 Ne5 13. dxe4 fxe4 14. Ne2 Bg4 15. Bxe5 Bxe5 16. Rae1 Qh5 17. Nb1 Bf3 1/2-1/2

[Event "CZE-chT2B 1718"]
[Site "Czech Republic"]
[Date "2018.03.18"]
[Round "10.6"]
[White "Zakoucka, Adela"]
[Black "Hrabal, Ivan"]
[Result "0-1"]
[WhiteElo "2016"]
[BlackElo "1944"]
[PlyCount "42"]
[EventDate "2017.10.15"]
[EventType "team-tourn"]
[EventRounds "11"]
[EventCountry "CZE"]
[SourceTitle "EXT 2022"]
[Source "ChessBase"]
[SourceDate "2021.10.06"]
[SourceVersion "1"]
[SourceVersionDate "2021.10.06"]
[SourceQuality "1"]
[WhiteTeam "Jicin"]
[BlackTeam "Usti nad Labem"]
[WhiteTeamCountry "CZE"]
[BlackTeamCountry "CZE"]

1. e4 c6 2. d4 d5 3. Nc3 dxe4 4. Nxe4 Nd7 5. Nf3 Ngf6 6. Ng3 e6 7. Bf4 Qb6 8. Qc1 c5 9. Be3 Ng4 10. dxc5 Bxc5 11. Bxc5 Nxc5 12. h3 Nxf2 13. Rg1 Nfe4 14. Nxe4 Nxe4 15. Bd3 Qf2+ 16. Kd1 f5 17. Bxe4 fxe4 18. Qd2 Qb6 19. Nd4 0-0 20. Qe3 Rd8 21. c3 e5 0-1

[Event "CZE-chT2B 1718"]
[Site "Czech Republic"]
[Date "2018.02.11"]
[Round "8.8"]
[White "Molkanov, Oleg"]
[Black "Hrabal, Ivan"]
[Result "1-0"]
[WhiteElo "1909"]
[BlackElo "1944"]
[PlyCount "123"]
[EventDate "2017.10.15"]
[EventType "team-tourn"]
[EventRounds "11"]
[EventCountry "CZE"]
[SourceTitle "EXT 2022"]
[Source "ChessBase"]
[SourceDate "2021.10.06"]
[SourceVersion "1"]
[SourceVersionDate "2021.10.06"]
[SourceQuality "1"]
[WhiteTeam "Kobylisy"]
[BlackTeam "Usti nad Labem"]
[WhiteTeamCountry "CZE"]
[BlackTeamCountry "CZE"]

1. d4 e6 2. c4 f5 3. g3 Nf6 4. Bg2 c6 5. Nc3 d5 6. Qb3 Bd6 7. Nh3 0-0 8. 0-0 Nbd7 9. f3 Bc7 10. e4 dxc4 11. Qxc4 Nb6 12. Qc5 Bd6 13. Qa5 Qe7 14. a3 Nc4 15. Qa4 b5 16. Qc2 e5 17. dxe5 Bxe5 18. exf5 Bxc3 19. Qxc3 Nd5 20. Qe1 Qc5+ 21. Qf2 Qxf2+ 22. Kxf2 Bxf5 23. b3 Ne5 24. f4 Ng4+ 25. Kg1 Nde3 26. Bxe3 Nxe3 27. Rfc1 Nxg2 28. Kxg2 Rfd8 29. Ra2 Rd3 30. b4 Rad8 31. Nf2 Rd2 32. Rxd2 Rxd2 33. Rd1 Ra2 34. Rd6 Kf7 35. Kf1 Ke7 36. Rxc6 Rxa3 37. Rc7+ Bd7 38. Ne4 Kd8 39. Rc3 Ra1+ 40. Kg2 Rb1 41. Rd3 Kc7 42. Rd4 Bc6 43. Kh3 Rc1 44. Nd2 Re1 45. Kg4 Bd7+ 46. Kg5 Re8 47. h4 Re3 48. g4 Re6 49. f5 h6+ 50. Kf4 Re2 51. Ne4 Rh2 52. Nc5 Bc8 53. Ne6+ Kc6 54. Nxg7 Rxh4 55. Kg3 Rh1 56. Rf4 Rd1 57. f6 Rd8 58. Kh4 Rf8 59. Kh5 Kd6 60. f7 Ke7 61. Nf5+ Ke6 62. Nxh6 1-0

[Event "Wch Seniors 50 26th"]
[Site "Marianske Lazne"]
[Date "2016.11.20"]
[Round "2"]
[White "Hrabal, Ivan"]
[Black "Bastyr, Pavel"]
[Result "1-0"]
[WhiteElo "1932"]
[BlackElo "1462"]
[PlyCount "73"]
[EventDate "2016.11.19"]
[EventType "swiss"]
[EventRounds "11"]
[EventCountry "CZE"]
[SourceTitle "CBM 175 Extra"]
[Source "ChessBase"]
[SourceDate "2016.12.12"]
[SourceVersion "1"]
[SourceVersionDate "2016.12.12"]
[SourceQuality "1"]

1. e4 c5 2. Nc3 Nc6 3. f4 e6 4. Nf3 g6 5. Bb5 Qc7 6. d3 Bg7 7. Bd2 Nd4 8. e5 Nxb5 9. Nxb5 Qc6 10. Nd6+ Kf8 11. 0-0 Ne7 12. Ng5 f6 13. exf6 Bxf6 14. Ndf7 Rg8 15. Qe1 Bd4+ 16. Kh1 Nf5 17. Ne5 Bxe5 18. Qxe5 Rg7 19. Bc3 h6 20. Qf6+ Ke8 21. Nf3 b5 22. Rae1 b4 23. Bd2 Bb7 24. Rf2 Qd6 25. Rfe2 Qf8 26. Qxf8+ Kxf8 27. Ne5 Nd4 28. Rf2 d6 29. Nc4 Rd8 30. c3 bxc3 31. bxc3 Nf5 32. Rxe6 Bd5 33. Re1 Bxc4 34. dxc4 Rb7 35. g4 Ne7 36. f5 Kg7 37. f6+ 1-0